When Was Each Country Founded? - Statistics

General Stats
  • This quiz has been taken 23 times
  • The average score is 8 of 15
Answer Stats
Hint Answer % Correct
1776 USA
90%
1949 China
81%
1792 France
81%
1901 Australia
76%
1867 Canada
62%
1822 Brazil
57%
965 Denmark
57%
1978 Spain
57%
1139 Portugal
52%
301 San Marino
52%
1523 Sweden
48%
927 England
38%
843 Scotland
24%
625 BC Roman Empire
19%
2350 BC Akkadian Empire
5%
No matching quizzes found
Score Distribution
Percent of People with Each Score
Percentile by Number Answered
Your Score History
You have not taken this quiz